Les équipes victimes de Lamine Yamal - Statistiques

Statistiques générales
  • Ce quiz a été pris 329 fois
    112 depuis la dernière actualisation
  • Le résultat moyen est 9 sur 25
Statistiques - réponses
Nombre de buts Club ou International Pays (du club) Équipe % Correct
3 Club Espagne Real Madrid
96%
3 International - France
82%
1 Club Italie Inter Milan
70%
1 Club Espagne Atletico Madrid
66%
1 Club Portugais Benfica
49%
1 Club Allemagne Borussia Dortmund
45%
1 Club Espagne Real Betis
45%
1 Club Espagne Villarreal
44%
1 Club Espagne Valencia CF
43%
2 Club Espagne Mallorca
39%
1 Club France Monaco
37%
1 Club Italie Atalanta
36%
1 Club Espagne Real Sociedad
34%
1 Club Espagne Espanyol
32%
2 Club Espagne Osasuna
29%
1 International - Pays-Bas
21%
2 Club Espagne Girona FC
20%
1 International - Géorgie
19%
1 Club Espagne Rayo Vallecano
19%
2 Club Italie Como
14%
3 Club Espagne Athletic Club
11%
2 Club Japon FC Seoul
9%
1 International - Chypre
4%
1 Club Mexique América
3%
3 Club Espagne Granada CF
2%
Aucun quiz correspondant
Distribution des résultats
% des personnes avec chaque résultat
Percentile par nombre de réponses
Votre historique - résultats
Vous n’avez pas pris ce quiz depuis la dernière actualisation